000 00517nam a22001817a 4500
003 OSt
005 20260422064820.0
008 260422b |||||||| |||| 00| 0 eng d
020 _a971-23-0391-8
040 _aDWCL Main Lib.
_cOC
082 _a268 C363 1989
100 _aMontemayor , Jeremias
245 _aCatholic social teaching
_cJeremias Montemayor
260 _aPhilippines:
_bRex book store,
_cc1989.
300 _axxvi 1066 p. ;
_c23 cm.
504 _ainclude index.
942 _2ddc
_cBK - FIL
_hFil.
_n0
999 _c9704
_d9704